|
|
|
|
| LEADER |
00000ccm a22000007i 4500 |
| 003 |
Ucuenca |
| 005 |
20231117173710.0 |
| 006 |
a|||||r|||| 00| 0 |
| 007 |
ta |
| 008 |
180223b2011 it mu||| |||| 00| 0 ita a |
| 020 |
|
|
|a 979-0-041-80636-5
|
| 040 |
|
|
|b spa
|a UCuenca-cdrjbv
|c UCuenca
|e rda
|
| 041 |
0 |
|
|a ita
|
| 047 |
|
|
|a zz
|
| 048 |
|
|
|a ka
|
| 082 |
0 |
|
|2 22
|a 787.5
|c 5280614
|
| 100 |
1 |
|
|a Bottesini, Giovanni.
|d 1821-1889
|e autor
|9 221846
|
| 245 |
1 |
|
|a Elegia in Re:
|b per contrabbasso e pianoforte /
|c Giovanni Bottesini revisado por Italo Caimmi.
|
| 264 |
|
1 |
|a Milán:
|b Ricordi,
|c 2011.
|
| 300 |
|
|
|a 3 páginas:
|b par
|c 31 cm
|e 1 partitura
|
| 336 |
|
|
|2 rdacontent
|a texto
|b txt
|
| 337 |
|
|
|2 rdamedia
|a no mediado
|b n
|
| 338 |
|
|
|2 rdacarrier
|a volumen
|b nc
|
| 505 |
1 |
|
|a Contiene partituras para piano y contrabajo.
|
| 650 |
1 |
7 |
|2 UCuenca-cdrjbv
|9 108437
|a Contrabajo
|
| 650 |
1 |
7 |
|2 UCuenca-cdrjbv
|9 51420
|a Piano
|
| 700 |
1 |
|
|a Caimmi, Italo.
|d 1889-1918
|e revisor
|9 222477
|
| 942 |
|
|
|2 ddc
|e 22
|c BK
|r jessicap.torres@ucuenca.edu.ec
|
| 999 |
|
|
|c 153915
|d 153915
|